<?xml version="1.0" encoding="UTF-8"?>
<record
    xmlns:xsi="http://www.w3.org/2001/XMLSchema-instance"
    xsi:schemaLocation="http://www.loc.gov/MARC21/slim http://www.loc.gov/standards/marcxml/schema/MARC21slim.xsd"
    xmlns="http://www.loc.gov/MARC21/slim">

  <leader>00542nam a2200169Ia 4500</leader>
  <controlfield tag="008">221110s9999    xx            000 0 und d</controlfield>
  <datafield tag="020" ind1=" " ind2=" ">
    <subfield code="a">97896245748769624574871 </subfield>
  </datafield>
  <datafield tag="041" ind1=" " ind2=" ">
    <subfield code="a">chi</subfield>
  </datafield>
  <datafield tag="050" ind1=" " ind2=" ">
    <subfield code="a">BS2735.53 </subfield>
    <subfield code="b">.T7412 2014</subfield>
  </datafield>
  <datafield tag="100" ind1=" " ind2=" ">
    <subfield code="a">&#x66FE;&#x601D;&#x701A;</subfield>
  </datafield>
  <datafield tag="245" ind1=" " ind2="0">
    <subfield code="a">&#x64C1;&#x62B1;&#x5371;&#x6A5F;&#x7684;&#x4E8B;&#x5949;&#x50B3;&#x627F; : </subfield>
    <subfield code="b">&#x63D0;&#x6469;&#x592A;&#x5F8C;&#x66F8;&#x6790;&#x8B80; /</subfield>
    <subfield code="c">&#x66FE;&#x601D;&#x701A;,&#xA0;&#x66FE;&#x666F;&#x6052;</subfield>
  </datafield>
  <datafield tag="260" ind1=" " ind2=" ">
    <subfield code="a">&#x9999;&#x6E2F; : </subfield>
    <subfield code="b">&#x57FA;&#x9053;&#x51FA;&#x7248;&#x793E;, </subfield>
    <subfield code="c">2014</subfield>
  </datafield>
  <datafield tag="300" ind1=" " ind2=" ">
    <subfield code="a">xiv, 192 p. : </subfield>
    <subfield code="b">ill. ; </subfield>
    <subfield code="c">23 cm.</subfield>
  </datafield>
  <datafield tag="650" ind1=" " ind2=" ">
    <subfield code="a">Bible. -- Timothy -- Commentaries.Bible. -- Timothy.</subfield>
  </datafield>
  <datafield tag="700" ind1=" " ind2=" ">
    <subfield code="a">&#x66FE;&#x666F;&#x6052;</subfield>
  </datafield>
  <datafield tag="952" ind1=" " ind2=" ">
    <subfield code="0">0</subfield>
    <subfield code="1">0</subfield>
    <subfield code="4">0</subfield>
    <subfield code="7">0</subfield>
    <subfield code="a">GETS</subfield>
    <subfield code="b">GETS</subfield>
    <subfield code="c"> GEN</subfield>
    <subfield code="d">2022-11-09</subfield>
    <subfield code="g">22.95</subfield>
    <subfield code="l">3</subfield>
    <subfield code="m">3</subfield>
    <subfield code="o">BS2735.53 .T7412 2014</subfield>
    <subfield code="p">00029392</subfield>
    <subfield code="r">2024-07-02 13:58:35</subfield>
    <subfield code="s">2024-04-29</subfield>
    <subfield code="w">2022-11-09</subfield>
    <subfield code="y">CB</subfield>
  </datafield>
  <datafield tag="999" ind1=" " ind2=" ">
    <subfield code="c">42442</subfield>
    <subfield code="d">42442</subfield>
  </datafield>
</record>
